<?xml version="1.0" encoding="UTF-8"?>
<record
    xmlns:xsi="http://www.w3.org/2001/XMLSchema-instance"
    xsi:schemaLocation="http://www.loc.gov/MARC21/slim http://www.loc.gov/standards/marcxml/schema/MARC21slim.xsd"
    xmlns="http://www.loc.gov/MARC21/slim">

  <leader>02898nam0a2200409   4500</leader>
  <controlfield tag="001">RU\NLR\BIBL_A\021957331</controlfield>
  <controlfield tag="005">20260407121742.0</controlfield>
  <datafield tag="035" ind1=" " ind2=" ">
    <subfield code="a">(NLR Aleph) 021957331</subfield>
  </datafield>
  <datafield tag="090" ind1=" " ind2=" ">
    <subfield code="a">12305708</subfield>
    <subfield code="c">12305708</subfield>
  </datafield>
  <datafield tag="100" ind1=" " ind2=" ">
    <subfield code="a">20210916d1905    |||y0rusy50      ca</subfield>
  </datafield>
  <datafield tag="101" ind1="0" ind2=" ">
    <subfield code="a">rus</subfield>
  </datafield>
  <datafield tag="102" ind1=" " ind2=" ">
    <subfield code="a">RU</subfield>
  </datafield>
  <datafield tag="105" ind1=" " ind2=" ">
    <subfield code="a">y   z   000yy</subfield>
  </datafield>
  <datafield tag="181" ind1=" " ind2="0">
    <subfield code="a">i </subfield>
    <subfield code="b">axxe  </subfield>
  </datafield>
  <datafield tag="182" ind1=" " ind2="0">
    <subfield code="a">n</subfield>
  </datafield>
  <datafield tag="200" ind1="1" ind2=" ">
    <subfield code="a">&#x41E; &#x432;&#x43E;&#x437;&#x43D;&#x430;&#x433;&#x440;&#x430;&#x436;&#x434;&#x435;&#x43D;&#x438;&#x438; &#x43F;&#x43E;&#x442;&#x435;&#x440;&#x43F;&#x435;&#x432;&#x448;&#x438;&#x445; &#x432;&#x441;&#x43B;&#x435;&#x434;&#x441;&#x442;&#x432;&#x438;&#x435; &#x43D;&#x430;&#x441;&#x447;&#x430;&#x441;&#x442;&#x43D;&#x44B;&#x445; &#x441;&#x43B;&#x443;&#x447;&#x430;&#x435;&#x432; &#x440;&#x430;&#x431;&#x43E;&#x447;&#x438;&#x445; &#x438; &#x441;&#x43B;&#x443;&#x436;&#x430;&#x449;&#x438;&#x445;, &#x430; &#x440;&#x430;&#x432;&#x43D;&#x43E; &#x447;&#x43B;&#x435;&#x43D;&#x43E;&#x432; &#x441;&#x435;&#x43C;&#x435;&#x439;&#x441;&#x442;&#x432; &#x441;&#x438;&#x445; &#x43B;&#x438;&#x446;, &#x432; &#x43F;&#x43E;&#x434;&#x432;&#x435;&#x434;&#x43E;&#x43C;&#x441;&#x442;&#x432;&#x435;&#x43D;&#x43D;&#x44B;&#x445; &#x413;&#x43B;&#x430;&#x432;&#x43D;&#x43E;&#x43C;&#x443; &#x443;&#x43F;&#x440;&#x430;&#x432;&#x43B;&#x435;&#x43D;&#x438;&#x44E; &#x442;&#x43E;&#x440;&#x433;&#x43E;&#x432;&#x43E;&#x433;&#x43E; &#x43C;&#x43E;&#x440;&#x435;&#x43F;&#x43B;&#x430;&#x432;&#x430;&#x43D;&#x438;&#x44F; &#x438; &#x43F;&#x43E;&#x440;&#x442;&#x43E;&#x432; &#x43A;&#x430;&#x437;&#x435;&#x43D;&#x43D;&#x44B;&#x445; &#x43F;&#x440;&#x435;&#x434;&#x43F;&#x440;&#x438;&#x44F;&#x442;&#x438;&#x44F;&#x445;</subfield>
    <subfield code="e">&#x432; &#x413;&#x43E;&#x441;&#x443;&#x434;&#x430;&#x440;&#x441;&#x442;&#x432;&#x435;&#x43D;&#x43D;&#x44B;&#x439; &#x421;&#x43E;&#x432;&#x435;&#x442;</subfield>
    <subfield code="f">&#x413;&#x43B;&#x430;&#x432;&#x43D;&#x43E;&#x435; &#x443;&#x43F;&#x440;&#x430;&#x432;&#x43B;&#x435;&#x43D;&#x438;&#x435; &#x442;&#x43E;&#x440;&#x433;&#x43E;&#x432;&#x43E;&#x433;&#x43E; &#x43C;&#x43E;&#x440;&#x435;&#x43F;&#x43B;&#x430;&#x432;&#x430;&#x43D;&#x438;&#x44F; &#x438; &#x43F;&#x43E;&#x440;&#x442;&#x43E;&#x432;. &#x41E;&#x442;&#x434;&#x435;&#x43B; &#x442;&#x43E;&#x440;&#x433;&#x43E;&#x432;&#x43E;&#x433;&#x43E; &#x43C;&#x43E;&#x440;&#x435;&#x43F;&#x43B;&#x430;&#x432;&#x430;&#x43D;&#x438;&#x44F;. &#x41E;&#x442;&#x434;&#x435;&#x43B;&#x435;&#x43D;&#x438;&#x435; III. &#x421;&#x442;&#x43E;&#x43B; 2. 12 &#x438;&#x44E;&#x43B;&#x44F; 1905 &#x433;&#x43E;&#x434;&#x430;. &#x2116; 3222</subfield>
  </datafield>
  <datafield tag="203" ind1=" " ind2=" ">
    <subfield code="a">&#x422;&#x435;&#x43A;&#x441;&#x442;</subfield>
    <subfield code="b">&#x432;&#x438;&#x437;&#x443;&#x430;&#x43B;&#x44C;&#x43D;&#x44B;&#x439;</subfield>
    <subfield code="c">&#x43D;&#x435;&#x43F;&#x43E;&#x441;&#x440;&#x435;&#x434;&#x441;&#x442;&#x432;&#x435;&#x43D;&#x43D;&#x44B;&#x439;</subfield>
  </datafield>
  <datafield tag="210" ind1=" " ind2=" ">
    <subfield code="a">[&#x421;&#x430;&#x43D;&#x43A;&#x442;-&#x41F;&#x435;&#x442;&#x435;&#x440;&#x431;&#x443;&#x440;&#x433;</subfield>
    <subfield code="c">&#x431;. &#x438;.]</subfield>
    <subfield code="d">1905</subfield>
  </datafield>
  <datafield tag="215" ind1=" " ind2=" ">
    <subfield code="a">47 &#x441;.</subfield>
    <subfield code="d">34</subfield>
  </datafield>
  <datafield tag="300" ind1=" " ind2=" ">
    <subfield code="a">&#x412; &#x43A;&#x43E;&#x43D;&#x446;&#x435; &#x442;&#x435;&#x43A;&#x441;&#x442;&#x430;: &#x41F;&#x43E;&#x434;&#x43F;&#x438;&#x441;&#x430;&#x43B;: &#x413;&#x43B;&#x430;&#x432;&#x43D;&#x43E;&#x443;&#x43F;&#x440;&#x430;&#x432;&#x43B;&#x44F;&#x44E;&#x449;&#x438;&#x439; &#x442;&#x43E;&#x440;&#x433;&#x43E;&#x432;&#x44B;&#x43C; &#x43C;&#x43E;&#x440;&#x435;&#x43F;&#x43B;&#x430;&#x432;&#x430;&#x43D;&#x438;&#x435;&#x43C; &#x438; &#x43F;&#x43E;&#x440;&#x442;&#x430;&#x43C;&#x438; &#x410;&#x43B;&#x435;&#x43A;&#x441;&#x430;&#x43D;&#x434;&#x440; &#x41C;&#x438;&#x445;&#x430;&#x439;&#x43B;&#x43E;&#x432;&#x438;&#x447;; &#x421;&#x43A;&#x440;&#x435;&#x43F;&#x438;&#x43B;: &#x41D;&#x430;&#x447;&#x430;&#x43B;&#x44C;&#x43D;&#x438;&#x43A; &#x41E;&#x442;&#x434;&#x435;&#x43B;&#x430; &#x414;. &#x41A;&#x430;&#x437;&#x438;&#x446;&#x44B;&#x43D;</subfield>
  </datafield>
  <datafield tag="309" ind1=" " ind2=" ">
    <subfield code="a">&#x411;&#x435;&#x437; &#x442;&#x438;&#x442;. &#x43B;. &#x438; &#x43E;&#x431;&#x43B;.</subfield>
  </datafield>
  <datafield tag="316" ind1=" " ind2=" ">
    <subfield code="a">&#x42D;&#x43A;&#x437;. &#x420;&#x41D;&#x411; &#x432;&#x445;&#x43E;&#x434;&#x438;&#x442; &#x432; &#x43A;&#x43E;&#x43D;&#x432;&#x43E;&#x43B;&#x44E;&#x442;: &#x41C;&#x430;&#x442;&#x435;&#x440;&#x438;&#x430;&#x43B;&#x44B;. &#x422;. 42 (1906) / &#x420;&#x43E;&#x441;&#x441;&#x438;&#x44F;. &#x413;&#x43E;&#x441;&#x443;&#x434;&#x430;&#x440;&#x441;&#x442;&#x432;&#x435;&#x43D;&#x43D;&#x44B;&#x439; &#x441;&#x43E;&#x432;&#x435;&#x442;. &#x414;&#x435;&#x43F;&#x430;&#x440;&#x442;&#x430;&#x43C;&#x435;&#x43D;&#x442; &#x43F;&#x440;&#x43E;&#x43C;&#x44B;&#x448;&#x43B;&#x435;&#x43D;&#x43D;&#x43E;&#x441;&#x442;&#x438;, &#x43D;&#x430;&#x443;&#x43A; &#x438; &#x442;&#x43E;&#x440;&#x433;&#x43E;&#x432;&#x43B;&#x438;</subfield>
    <subfield code="5">NLR</subfield>
  </datafield>
  <datafield tag="517" ind1="1" ind2=" ">
    <subfield code="a">&#x41C;&#x430;&#x442;&#x435;&#x440;&#x438;&#x430;&#x43B;&#x44B;. &#x422;. 42 (1906)</subfield>
  </datafield>
  <datafield tag="606" ind1="1" ind2=" ">
    <subfield code="a">&#x41D;&#x435;&#x441;&#x447;&#x430;&#x441;&#x442;&#x43D;&#x44B;&#x435; &#x441;&#x43B;&#x443;&#x447;&#x430;&#x438; &#x43D;&#x430; &#x43F;&#x440;&#x43E;&#x438;&#x437;&#x432;&#x43E;&#x434;&#x441;&#x442;&#x432;&#x435;</subfield>
    <subfield code="j">&#x414;&#x43E;&#x43A;&#x443;&#x43C;&#x435;&#x43D;&#x442;&#x44B; &#x438; &#x43C;&#x430;&#x442;&#x435;&#x440;&#x438;&#x430;&#x43B;&#x44B;</subfield>
    <subfield code="x">&#x421;&#x43E;&#x446;&#x438;&#x430;&#x43B;&#x44C;&#x43D;&#x43E;&#x435; &#x441;&#x442;&#x440;&#x430;&#x445;&#x43E;&#x432;&#x430;&#x43D;&#x438;&#x435;</subfield>
    <subfield code="y">&#x420;&#x43E;&#x441;&#x441;&#x438;&#x44F;</subfield>
    <subfield code="9">2419847</subfield>
    <subfield code="3">RU\NLR\AUTH\661441165</subfield>
  </datafield>
  <datafield tag="686" ind1="3" ind2=" ">
    <subfield code="a">&#x423;27(28)121.2,011</subfield>
  </datafield>
  <datafield tag="686" ind1="3" ind2=" ">
    <subfield code="a">&#x425;879(2)62,011</subfield>
  </datafield>
  <datafield tag="702" ind1=" " ind2="0">
    <subfield code="4">720</subfield>
    <subfield code="8">rus</subfield>
    <subfield code="7">ca</subfield>
    <subfield code="a">&#x410;&#x43B;&#x435;&#x43A;&#x441;&#x430;&#x43D;&#x434;&#x440; &#x41C;&#x438;&#x445;&#x430;&#x439;&#x43B;&#x43E;&#x432;&#x438;&#x447;</subfield>
    <subfield code="f">1866-1933</subfield>
    <subfield code="c">&#x432;&#x435;&#x43B;&#x438;&#x43A;&#x438;&#x439; &#x43A;&#x43D;&#x44F;&#x437;&#x44C;</subfield>
    <subfield code="3">RU\NLR\AUTH\779063</subfield>
    <subfield code="9">118931</subfield>
  </datafield>
  <datafield tag="702" ind1=" " ind2="1">
    <subfield code="a">&#x41A;&#x430;&#x437;&#x438;&#x446;&#x44B;&#x43D;</subfield>
    <subfield code="b">&#x414;.</subfield>
    <subfield code="4">720</subfield>
  </datafield>
  <datafield tag="711" ind1="0" ind2="1">
    <subfield code="a">&#x420;&#x43E;&#x441;&#x441;&#x438;&#x44F;</subfield>
    <subfield code="b">&#x413;&#x43E;&#x441;&#x443;&#x434;&#x430;&#x440;&#x441;&#x442;&#x432;&#x435;&#x43D;&#x43D;&#x44B;&#x439; &#x441;&#x43E;&#x432;&#x435;&#x442;</subfield>
    <subfield code="3">RU\NLR\AUTH\889948587</subfield>
    <subfield code="9">392796</subfield>
  </datafield>
  <datafield tag="711" ind1="0" ind2="1">
    <subfield code="a">&#x420;&#x43E;&#x441;&#x441;&#x438;&#x44F;</subfield>
    <subfield code="b">&#x413;&#x43B;&#x430;&#x432;&#x43D;&#x43E;&#x435; &#x443;&#x43F;&#x440;&#x430;&#x432;&#x43B;&#x435;&#x43D;&#x438;&#x435; &#x442;&#x43E;&#x440;&#x433;&#x43E;&#x432;&#x43E;&#x433;&#x43E; &#x43C;&#x43E;&#x440;&#x435;&#x43F;&#x43B;&#x430;&#x432;&#x430;&#x43D;&#x438;&#x44F; &#x438; &#x43F;&#x43E;&#x440;&#x442;&#x43E;&#x432;</subfield>
    <subfield code="3">RU\NLR\AUTH\889957010</subfield>
    <subfield code="9">410114</subfield>
  </datafield>
  <datafield tag="712" ind1="0" ind2="1">
    <subfield code="4">570</subfield>
    <subfield code="a">&#x420;&#x43E;&#x441;&#x441;&#x438;&#x44F;</subfield>
    <subfield code="b">&#x413;&#x43B;&#x430;&#x432;&#x43D;&#x43E;&#x435; &#x443;&#x43F;&#x440;&#x430;&#x432;&#x43B;&#x435;&#x43D;&#x438;&#x435; &#x442;&#x43E;&#x440;&#x433;&#x43E;&#x432;&#x43E;&#x433;&#x43E; &#x43C;&#x43E;&#x440;&#x435;&#x43F;&#x43B;&#x430;&#x432;&#x430;&#x43D;&#x438;&#x44F; &#x438; &#x43F;&#x43E;&#x440;&#x442;&#x43E;&#x432;</subfield>
    <subfield code="b">&#x41E;&#x442;&#x434;&#x435;&#x43B; &#x442;&#x43E;&#x440;&#x433;&#x43E;&#x432;&#x43E;&#x433;&#x43E; &#x43C;&#x43E;&#x440;&#x435;&#x43F;&#x43B;&#x430;&#x432;&#x430;&#x43D;&#x438;&#x44F;</subfield>
    <subfield code="3">RU\NLR\AUTH\889957016</subfield>
    <subfield code="9">410127</subfield>
  </datafield>
  <datafield tag="852" ind1=" " ind2=" ">
    <subfield code="a">NLR</subfield>
    <subfield code="j">135/295-42(64)</subfield>
  </datafield>
  <datafield tag="942" ind1=" " ind2=" ">
    <subfield code="c">BOOK</subfield>
  </datafield>
  <datafield tag="980" ind1=" " ind2=" ">
    <subfield code="a">NB</subfield>
  </datafield>
  <datafield tag="995" ind1=" " ind2=" ">
    <subfield code="5">2024-08-05</subfield>
    <subfield code="b">NLR02</subfield>
    <subfield code="c">NLR02</subfield>
    <subfield code="e">RFS</subfield>
    <subfield code="f">21957331-10</subfield>
    <subfield code="k">135/295-42(64)</subfield>
    <subfield code="o">0</subfield>
    <subfield code="r">BOOK</subfield>
    <subfield code="s">1352954264_</subfield>
  </datafield>
</record>
